000
00269nam a22001337a 4500
020
_a
0-19-565816-7
082
_a
822
_b
SOP/O
100
_a
SOPHOCLES
245
_a
OEDIPUS THE KING
260
_a
CHENNAI
_b
OXFORD
300
_a
74
650
_a
PLAY
_z
CHENNAI
942
_c
BK
999
_c
3521
_d
3521